Gaming Quiz - allgemeine Fragen #1 - Statistiken

Allgemein
  • Dieses Quiz wurde 696 mal gespielt
  • Das Durchschnittsergebnis liegt bei 5 aus 15
Antwortstatistiken
Hint Antwort % Korrekt
In welcher Spielereihe schwebt ein meist grüner Kristall über den Köpfen der Spielfiguren? Sims
88%
Nenne einen der drei Hauptcharakter in GTA V. Michael/Franklin/Trevor
75%
Aus welcher Spielereihe stammen die Figuren Scorpion und Sub Zero? Mortal Kombat
49%
Wie heißt das Pferd von Geralt von Riva aus Witcher 3? Plötze
43%
In welchem 2D Sandbox Game baut man Unterkünfte für NPCs um mit ihnen handeln zu können? Terraria
37%
Durch welche Maschine betritt man die antiken Welten in der Assassin's Creed Reihe? Animus
35%
In welcher Pokémon Edition für den Gameboy läuft Pikachu frei mit dir durch die Welten? Pokémon Gelb: Pikachu Edition
34%
In welcher bekannten Hack and Slay Spielereihe bekämpft man aus isometrischer Perspektive Wellen von Feinden in Dungeons? Diablo
32%
In welchem Spiel verliert der spielbare Charakter zwei seiner Finger durch einen verrückten Arzt? Outlast
23%
Welchen Titel trägt der spielbare Charakter in Skyrim? Drachenblut
18%
In welchem Adventure Games spielt man einen untoten Ritter in Cartoon Optik und muss den bösen Zauberer Zarok bezwingen? Medievil
10%
In welchem Spiel gibt es Orte wie "die gläserne Kammer" und "das Gefängnis der Alten"? Destiny
7%
Wie lautet der Name der Zombi-Mode Map von COD Black Ops II, welche an das Gefängnis Alcatraz angelehnt ist? Mob of the Dead
6%
In welchem Jump 'n' Run aus dem Jahr 1998Hat man die verschiedenen Level durch das aktivieren von Fernseher betreten? Gex: Enter the gecko
3%
Wie lautet der Name des Hauptcharakters in dem 1999 veröffentlichten Soul Reaver: Legacy of Kain? Raziel
2%
Keine übereinstimmenden Quizze gefunden
Verteilung der Resultate
Anzahl Personen mit jedem Resultat
Perzentil nach korrekt beantworteten Fragen
Ihre Resultats-Entwicklung
Sie haben dieses Quiz noch nicht gespielt